|
|
|
|
| LEADER |
00000nam0a2200000 4500 |
| 001 |
42292 |
| 005 |
20231101210736.0 |
| 010 |
|
|
|a 506003495X
|
| 035 |
|
|
|a (RuTPU)RU\TPU\book\43544
|
| 090 |
|
|
|a 42292
|
| 100 |
|
|
|a 20020828d2000 m y0rusy50 ca
|
| 101 |
0 |
|
|a rus
|
| 102 |
|
|
|a RU
|
| 105 |
|
|
|a a j 000zy
|
| 200 |
1 |
|
|a Руководство к решению задач по теоретической механике
|e учебное пособие
|f А. И. Аркуша
|
| 205 |
|
|
|a 4-е изд., испр.
|
| 210 |
|
|
|a Москва
|c Высшая школа
|d 2000
|
| 215 |
|
|
|a 336 с.
|c ил.
|
| 451 |
|
1 |
|0 (RuTPU)RU\TPU\book\46019
|y 5-06-004314-2
|t Руководство к решению задач по теоретической механике
|o учебное пособие для средних специальных учебных заведений
|f А. И. Аркуша
|e 5-е изд., испр.
|c Москва
|n Высшая школа
|d 2002
|p 336 с.
|a Аркуша, Александр Иоакимович
|
| 451 |
|
1 |
|0 (RuTPU)RU\TPU\book\9939
|y 506003495-X
|t Руководство к решению задач по теоретической механике
|o учебное пособие
|f А. И. Аркуша
|e 4-е изд., испр.
|c Москва
|n Высшая школа
|d 1999
|p 335 с.
|a Аркуша, Александр Иоакимович
|
| 606 |
|
|
|a Механика теоретическая
|2 stltpush
|3 (RuTPU)RU\TPU\subj\59441
|9 76991
|
| 610 |
1 |
|
|a кинематика
|
| 610 |
1 |
|
|a динамика
|
| 610 |
1 |
|
|a задачи
|
| 610 |
1 |
|
|a решения
|
| 610 |
1 |
|
|a практические пособия
|
| 610 |
1 |
|
|a учебные пособия
|
| 675 |
|
|
|a 531(076)
|v 3
|
| 700 |
|
1 |
|a Аркуша
|b А. И.
|g Александр Иоакимович
|
| 801 |
|
1 |
|a RU
|b 63413507
|c 20020828
|g PSBO
|
| 801 |
|
2 |
|a RU
|b 63413507
|c 20180112
|g PSBO
|
| 942 |
|
|
|c BK
|